000 00728cam a22002531 4500
001 gs 11000526
003 DLC
005 20260227111312.0
008 720329s1911 xx 000 0 eng
010 _ags 11000526
035 _a(OCoLC)272850
040 _aDLC
_cODaWU
_dDLC
042 _apremarc
050 0 0 _aQE75
_b.B9 no. 474
051 _aTN805.W2
_bS6
_cCopy 2.
100 1 _aSmith, Edward Eggleston,
_d1883-
245 1 0 _aCoals of the state of Washington.
260 _bGovt. Print. Off.,
_c1911.
300 _a206 p.
410 2 0 _aGeological Survey (U.S.)
_tBulletin
_v474
650 0 _aCoal
_zWashington (State)
650 0 _aCoal mines and mining
_zWashington (State)
710 2 _aWashington Geological Survey
999 _c25076
_d25076